000 00350nam a2200133Ia 4500
008 231129s1990||||xx |||||||||||||| ||spa||
020 _a958-9042-33-3
040 _bspa
082 _a658.42 W187
245 4 _aThe Wall Street Journal: Temas gerenciales
260 _c1990
264 _aLegis
942 _2ddc
_cBKS
999 _c25359
_d25359